Every club Ibrahimovic played for - Statistics

General Stats
  • This quiz has been taken 45 times
  • The average score is 11 of 12
Answer Stats
Hint Answer % Correct
2006-2009 Internatzionale
100%
2018-2019 LA Galaxy
100%
2009-2011 Barcelona
96%
2010-2011(loan) AC Milan
93%
2011-2012 AC milan
93%
2020-2023 AC Milan
93%
2001-2004 AFC Ajax
89%
2016-2018 Manchester United
89%
2012-2016 Paris Saint Germain
86%
2001-2023 Sweden
86%
1999-2001 Malmo FF
82%
2004-2006 Juventus
75%
No matching quizzes found
Score Distribution
Percent of People with Each Score
Percentile by Number Answered
Your Score History
You have not taken this quiz